[Event "NATO Chess Championship 2010"]
[Site "Koege"]
[Date "2010.10.21"]
[Round "6.17"]
[White "Ranario, Dan"]
[Black "Kersic, Matej"]
[Result "1-0"]
[WhiteElo "2070"]
[BlackElo "2139"]
[PlyCount "97"]
[EventDate "2010.??.??"]
[WhiteTeam "USA"]
[BlackTeam "SLO"]

1. e4 c5 2. Nf3 d6 3. d4 cxd4 4. Qxd4 a6 5. Bc4 e6 6. Nc3 Nc6 7. Qd3 Qc7 8. Bb3
Nf6 9. Bf4 Bd7 10. O-O-O Ne5 11. Nxe5 dxe5 12. Bg5 Be7 13. Rhe1 Bc6 14. Qh3 O-O
15. Rd3 Rfd8 16. Rg3 Ne8 17. Bh6 Bf8 18. Qh4 Qe7 19. Bg5 f6 20. Be3 g6 21. Qg4
Ng7 22. h4 Kh8 23. Rh1 f5 24. exf5 exf5 25. Qc4 Ne6 26. Bg5 Bh6 27. Qxe6 Bxg5+
28. hxg5 Qxe6 29. Bxe6 Rd6 30. Rgh3 h5 31. Bxf5 Bxg2 32. Be4 Bxh1 33. Rxh1 Rf8
34. f3 b5 35. Nd5 Kg7 36. Nf6 Rfd8 37. a3 Rd2 38. Bb7 a5 39. Ba6 b4 40. axb4
axb4 41. Ne4 R2d5 42. Bc4 Ra5 43. Nd2 Ra1+ 44. Nb1 Rd4 45. Bd3 b3 46. Be4 bxc2
47. Kxc2 Rd6 48. Kc3 Rd8 49. b4 1-0

[Event "NATO Chess Championship 2010"]
[Site "Koege"]
[Date "2010.10.21"]
[Round "6.18"]
[White "Nielsen, Jan Mose"]
[Black "Harwood, Duncan"]
[Result "1/2-1/2"]
[WhiteElo "2127"]
[BlackElo "1939"]
[PlyCount "63"]
[EventDate "2010.??.??"]
[WhiteTeam "DEN"]
[BlackTeam "UK"]

1. e4 c5 2. Nf3 d6 3. d4 cxd4 4. Nxd4 Nf6 5. Nc3 g6 6. Be3 Bg7 7. f3 Nc6 8. Qd2
O-O 9. Bc4 Bd7 10. O-O-O Rc8 11. Bb3 Ne5 12. h4 h5 13. Qe2 Rxc3 14. bxc3 Qc7
15. Nb5 Qa5 16. c4 a6 17. Bd2 Qb6 18. Nc3 Rc8 19. Nd5 Nxd5 20. cxd5 Bb5 21. Qe3
Nd3+ 22. Kb1 Bd4 23. Qh6 a5 24. Rh3 a4 25. Rg3 Bg7 26. Rxg6 fxg6 27. Qxg6 Rf8
28. Bc3 Rf7 29. Rxd3 axb3 30. axb3 Bxd3 31. Bxg7 Rxg7 32. Qe8+ 1/2-1/2

[Event "NATO Chess Championship 2010"]
[Site "Koege"]
[Date "2010.10.21"]
[Round "6.19"]
[White "Adkins, James"]
[Black "Redman, Michael"]
[Result "0-1"]
[WhiteElo "2022"]
[BlackElo "2152"]
[PlyCount "54"]
[EventDate "2010.??.??"]
[WhiteTeam "USA"]
[BlackTeam "UK"]

1. Nf3 Nf6 2. g3 g6 3. Bg2 Bg7 4. O-O O-O 5. d3 d6 6. Nbd2 e5 7. e4 Nc6 8. a4
d5 9. c3 h6 10. Qc2 a5 11. Rd1 Be6 12. h3 Qd7 13. Kh2 Rad8 14. Re1 Nh5 15. Nh4
d4 16. c4 Nb4 17. Qb3 Kh7 18. Nf1 f5 19. exf5 Bxf5 20. g4 Bxg4 21. hxg4 Qxg4
22. Nf3 Rxf3 23. Qd1 Qh4+ 24. Kg1 Qxf2+ 25. Kh1 Qh4+ 26. Kg1 Qf2+ 27. Kh1 Rxd3
0-1

[Event "NATO Chess Championship 2010"]
[Site "Koege"]
[Date "2010.10.21"]
[Round "6.20"]
[White "Picart, Laurent"]
[Black "Demjén, Attila"]
[Result "1/2-1/2"]
[WhiteElo "2139"]
[BlackElo "2026"]
[PlyCount "62"]
[EventDate "2010.??.??"]
[WhiteTeam "FRA"]
[BlackTeam "HUN"]

1. d4 Nf6 2. c4 g6 3. Nc3 Bg7 4. e4 d6 5. Nge2 O-O 6. Ng3 e5 7. d5 Ne8 8. Be2
f5 9. exf5 gxf5 10. f4 Qh4 11. O-O Rf6 12. Bh5 Rf8 13. Bxe8 Rxe8 14. Nb5 Na6
15. Qh5 Qxh5 16. Nxh5 Bd7 17. Nxg7 Kxg7 18. Bd2 Kg6 19. Rac1 Bxb5 20. cxb5 Nc5
21. Be3 exf4 22. Bxc5 dxc5 23. Rxc5 Re2 24. Rxc7 Rae8 25. Rc4 Rxb2 26. Rcxf4
Re5 27. Rd1 Ree2 28. Rh4 Rxg2+ 29. Kf1 Rgf2+ 30. Kg1 Rg2+ 31. Kf1 Rgf2+ 1/2-1/2

[Event "NATO Chess Championship 2010"]
[Site "Koege"]
[Date "2010.10.21"]
[Round "6.21"]
[White "van Run, Rieke"]
[Black "Lustig, Mickael"]
[Result "0-1"]
[WhiteElo "2120"]
[BlackElo "2027"]
[PlyCount "60"]
[EventDate "2010.??.??"]
[WhiteTeam "NED"]
[BlackTeam "NATO"]

1. e4 d6 2. d4 Nf6 3. Bd3 e5 4. Ne2 exd4 5. Nxd4 Nc6 6. Nxc6 bxc6 7. O-O Be7 8.
Be3 Ng4 9. Bf4 Rb8 10. b3 Bf6 11. c3 Be6 12. Be2 h5 13. h3 Be5 14. Bxe5 Nxe5
15. f4 Bxh3 16. gxh3 Qh4 17. Kh2 Ng4+ 18. Bxg4 hxg4 19. Qd3 Qe7 20. Nd2 Rxh3+
21. Qxh3 gxh3 22. Rf3 Kd7 23. Rxh3 g5 24. f5 g4 25. Rh7 Rh8 26. Rxh8 Qe5+ 27.
Kg1 Qxh8 28. Rc1 Qh6 29. Rd1 Qh3 30. Rf1 Qe3+ 0-1

[Event "NATO Chess Championship 2010"]
[Site "Koege"]
[Date "2010.10.21"]
[Round "6.22"]
[White "Kiss, József István"]
[Black "Nielsen, Henrik Lindholt"]
[Result "1/2-1/2"]
[WhiteElo "2105"]
[BlackElo "2008"]
[PlyCount "100"]
[EventDate "2010.??.??"]
[WhiteTeam "HUN"]
[BlackTeam "DEN"]

1. d4 Nf6 2. c4 g6 3. Nc3 d5 4. cxd5 Nxd5 5. Bd2 Bg7 6. e4 Nxc3 7. Bxc3 O-O 8.
Nf3 c5 9. Be2 Bg4 10. d5 Bxc3+ 11. bxc3 Qa5 12. Qd2 Nd7 13. O-O Rac8 14. Rab1
Rc7 15. Rb5 Qa4 16. c4 Bxf3 17. gxf3 Ne5 18. Qc3 f6 19. f4 Nf7 20. e5 fxe5 21.
fxe5 Qxa2 22. Bd3 Ng5 23. Rb2 Qa6 24. Be2 b6 25. f4 Nf7 26. f5 Nh6 27. fxg6
Rxf1+ 28. Bxf1 hxg6 29. Rg2 e6 30. Rxg6+ Rg7 31. Qg3 Qb7 32. Rxg7+ Qxg7 33.
Qxg7+ Kxg7 34. d6 Nf7 35. Bh3 Nxe5 36. Bxe6 Nc6 37. Kf2 Kf6 38. Bd5 Nd8 39. h4
a6 40. h5 Kg5 41. Bf3 b5 42. Ke3 bxc4 43. Kd2 Kf6 44. Bg4 Nf7 45. d7 Ke7 46.
Kc3 a5 47. Bh3 a4 48. Kxc4 Ne5+ 49. Kc3 Nxd7 50. Bxd7 Kf6 1/2-1/2

[Event "NATO Chess Championship 2010"]
[Site "Koege"]
[Date "2010.10.21"]
[Round "6.23"]
[White "Franck, Boris"]
[Black "Cheung, Jan"]
[Result "1-0"]
[WhiteElo "2105"]
[BlackElo "2030"]
[PlyCount "103"]
[EventDate "2010.??.??"]
[WhiteTeam "FRA"]
[BlackTeam "NED"]

1. e4 {[%emt 0:00:00]} c5 {[%emt 0:00:00]} 2. c3 Nf6 3. e5 Nd5 4. d4 cxd4 5.
Nf3 e6 6. cxd4 d6 7. Nc3 Nxc3 8. bxc3 Qc7 9. Bd2 Nc6 10. exd6 Bxd6 11. Bd3 Bf4
12. O-O O-O 13. Re1 b6 14. Qe2 Bxd2 15. Nxd2 Qf4 16. g3 Qh6 17. f4 Bb7 18. Ne4
Rfd8 19. Ng5 g6 20. Bc4 Rd6 21. Ne4 Rdd8 22. Nf6+ Kh8 23. d5 exd5 24. Bxd5 Qg7
25. Bxc6 Bxc6 26. Qe7 Rd2 27. Rad1 Rxd1 28. Rxd1 Qf8 29. Qe5 Qc5+ 30. Qxc5 bxc5
31. Rd6 Rc8 32. Ng4 Kg7 33. Ne5 Bb5 34. c4 f6 35. cxb5 fxe5 36. fxe5 c4 37. Rc6
Re8 38. Rxc4 Rxe5 39. Rc7+ Kh6 40. a4 a6 41. b6 Re4 42. a5 Re5 43. b7 Rb5 44.
Kf2 Rb3 45. Ke2 Kg5 46. Rxh7 Kf5 47. Kd2 g5 48. Kc2 Rb5 49. h4 Kg4 50. Rg7 Kf3
51. h5 g4 52. h6 1-0

[Event "NATO Chess Championship 2010"]
[Site "Koege"]
[Date "2010.10.21"]
[Round "6.24"]
[White "Steffers, Hendrik"]
[Black "Daler, Neset"]
[Result "1-0"]
[WhiteElo "1960"]
[BlackElo "2013"]
[PlyCount "95"]
[EventDate "2010.??.??"]

1. d4 Nf6 2. Nf3 e6 3. e3 b6 4. Bd3 Bb7 5. Nbd2 c5 6. c3 d5 7. O-O Be7 8. Re1
cxd4 9. exd4 O-O 10. Ne5 h6 11. Nf1 Nbd7 12. Bf4 Ne4 13. f3 Nxe5 14. Bxe5 Nd6
15. Ne3 f5 16. b3 Bh4 17. g3 Bg5 18. Ng2 Bf6 19. Nf4 Bc8 20. Ng6 Re8 21. Qd2
Nf7 22. Bxf6 gxf6 23. h4 Kg7 24. Nf4 e5 25. Ng2 Qd6 26. Qf2 Bd7 27. Ne3 e4 28.
fxe4 fxe4 29. Be2 Rac8 30. Rac1 Rg8 31. Qf4 Qe6 32. Bg4 Qc6 33. Bxd7 Qxd7 34.
Rf1 Rc6 35. Kh2 Kf8 36. Nf5 Rg6 37. Qb8+ Rc8 38. Qf4 Kg8 39. Rc2 Kh7 40. c4
dxc4 41. Rxc4 Rxc4 42. bxc4 Qe6 43. Re1 Qxc4 44. Qxe4 Qxa2+ 45. Re2 Qa5 46. Ne7
f5 47. Nxf5 Kh8 48. Qe8+ 1-0

[Event "NATO Chess Championship 2010"]
[Site "Koege"]
[Date "2010.10.21"]
[Round "6.25"]
[White "Rockhill, Nathaniel"]
[Black "Toll, Alec"]
[Result "1/2-1/2"]
[WhiteElo "1951"]
[BlackElo "2095"]
[PlyCount "33"]
[EventDate "2010.??.??"]

1. e4 Nc6 2. Nc3 e6 3. d4 Bb4 4. Bb5 Qh4 5. Bxc6 dxc6 6. Qf3 Nf6 7. e5 Qe4+ 8.
Qxe4 Nxe4 9. Nge2 b6 10. O-O Nxc3 11. bxc3 Be7 12. f4 Ba6 13. Rf2 O-O-O 14. a4
Rd5 15. Be3 Rhd8 16. Ng3 g6 17. Rd2 1/2-1/2

[Event "NATO Chess Championship 2010"]
[Site "Koege"]
[Date "2010.10.21"]
[Round "6.26"]
[White "Marti, György"]
[Black "Parisse, Denis"]
[Result "1-0"]
[WhiteElo "2225"]
[BlackElo "1960"]
[PlyCount "41"]
[EventDate "2010.??.??"]
[WhiteTeam "HUN"]
[BlackTeam "NATO"]

1. d4 d5 2. c4 Nf6 3. cxd5 Qxd5 4. Nc3 Qd8 5. e4 e6 6. Nf3 c5 7. Bg5 cxd4 8.
Bb5+ Bd7 9. Nxd4 Be7 10. O-O Nxe4 11. Nxe4 Bxg5 12. Nd6+ Kf8 13. Qf3 Bf6 14.
Qxb7 Bxd4 15. Qxa8 Qc7 16. Bxd7 Qxd6 17. Ba4 g6 18. Rad1 Kg7 19. Qb7 Rd8 20. b4
Na6 21. Rxd4 1-0

[Event "NATO Chess Championship 2010"]
[Site "Koege"]
[Date "2010.10.21"]
[Round "6.27"]
[White "Lefevre, Steve"]
[Black "Nilsson, Erik"]
[Result "1/2-1/2"]
[WhiteElo "1833"]
[BlackElo "2149"]
[PlyCount "74"]
[EventDate "2010.??.??"]
[WhiteTeam "NATO"]
[BlackTeam "DEN"]

1. Nf3 Nf6 2. d4 c5 3. e3 e6 4. c3 b6 5. Bd3 Nc6 6. Nbd2 cxd4 7. exd4 Nd5 8.
Ne4 Qc7 9. O-O Nf4 10. Bxf4 Qxf4 11. Qd2 Qxd2 12. Nexd2 Bb7 13. Rfe1 Be7 14.
Rad1 O-O 15. Ne5 d6 16. Nxc6 Bxc6 17. Be4 d5 18. Bd3 Rfd8 19. Nf3 Be8 20. Re2
Rac8 21. Rde1 Bd6 22. Ng5 g6 23. Nf3 a5 24. Ne5 b5 25. Rc2 Rc7 26. Rec1 Kg7 27.
g3 f6 28. Ng4 g5 29. Ne3 Bg6 30. Bxg6 hxg6 31. Re1 Rdc8 32. Rce2 Kf7 33. Ng4
Re8 34. Nh6+ Kg7 35. Rxe6 Rce7 36. Rxe7+ Rxe7 37. Rxe7+ Bxe7 1/2-1/2

[Event "NATO Chess Championship 2010"]
[Site "Koege"]
[Date "2010.10.21"]
[Round "6.28"]
[White "Baudin, Frédéric"]
[Black "Christen, Pierre"]
[Result "1/2-1/2"]
[WhiteElo "2096"]
[BlackElo "2007"]
[PlyCount "46"]
[EventDate "2010.??.??"]
[WhiteTeam "FRA"]
[BlackTeam "LUX"]

1. e4 c6 2. d4 d5 3. Nc3 dxe4 4. Bc4 Nf6 5. f3 exf3 6. Nxf3 e6 7. O-O Nbd7 8.
Qe1 Nb6 9. Bd3 Bd6 10. Bg5 h6 11. Qh4 Rg8 12. Bd2 Nbd5 13. Ne4 Nxe4 14. Qxe4
Qc7 15. c4 Nf6 16. Qe2 Bd7 17. b4 O-O-O 18. a4 Bf4 19. Ne5 Bxd2 20. Qxd2 Be8
21. c5 Rxd4 22. Nc4 Qd8 23. Nd6+ Rxd6 1/2-1/2

[Event "NATO Chess Championship 2010"]
[Site "Koege"]
[Date "2010.10.21"]
[Round "6.29"]
[White "Stuhr, Finn"]
[Black "Wagenaar, Harm Theo"]
[Result "1/2-1/2"]
[WhiteElo "1692"]
[BlackElo "2072"]
[PlyCount "60"]
[EventDate "2010.??.??"]

1. e4 c5 2. Nf3 e6 3. b3 b6 4. Bb2 Bb7 5. d3 d6 6. g3 Nd7 7. Bg2 Ngf6 8. Nbd2
Be7 9. O-O O-O 10. Nc4 b5 11. Ne3 Qc7 12. a4 a6 13. axb5 axb5 14. Qd2 h6 15.
Bh3 Rfe8 16. Ng4 Nxg4 17. Bxg4 Nf6 18. Bh3 Bc6 19. c4 b4 20. Qe3 e5 21. Nh4
Rxa1 22. Rxa1 Ra8 23. Rxa8+ Bxa8 24. Nf5 Bf8 25. f4 Nd7 26. Qf3 Bc6 27. Qg4 Kh8
28. Nh4 Qd8 29. Bc1 Nf6 30. Qf3 Nd7 1/2-1/2

[Event "NATO Chess Championship 2010"]
[Site "Koege"]
[Date "2010.10.21"]
[Round "6.30"]
[White "Mottais, Francois"]
[Black "De Cat, Ben"]
[Result "1-0"]
[WhiteElo "2071"]
[BlackElo "1927"]
[PlyCount "69"]
[EventDate "2010.??.??"]
[WhiteTeam "FRA"]
[BlackTeam "BEL"]

1. d4 Nf6 2. c4 d6 3. Nc3 Nbd7 4. Bg5 h6 5. Bh4 c6 6. e3 e5 7. Nf3 Be7 8. h3
Nh5 9. Bxe7 Qxe7 10. Be2 g6 11. O-O Ng7 12. b4 O-O 13. Nd2 f5 14. b5 f4 15.
bxc6 bxc6 16. Bf3 Nf5 17. Bxc6 Rb8 18. Nd5 Qg7 19. Nf3 g5 20. dxe5 g4 21. hxg4
Qxg4 22. Nxf4 Rb2 23. Qd5+ Kh8 24. Bxd7 Bb7 25. Bc6 Nxe3 26. fxe3 Rxf4 27. Rf2
Rxf2 28. Kxf2 Bxc6 29. Qxc6 Rxc4 30. Qxd6 Rc2+ 31. Nd2 Qh4+ 32. Ke2 Qc4+ 33.
Kd1 Qa4 34. Qf8+ Kh7 35. Qf5+ 1-0

[Event "NATO Chess Championship 2010"]
[Site "Koege"]
[Date "2010.10.21"]
[Round "6.31"]
[White "Jose, Franco"]
[Black "Kocur, Marc"]
[Result "1-0"]
[WhiteElo "2066"]
[BlackElo "1880"]
[PlyCount "33"]
[EventDate "2010.??.??"]

1. Nf3 g6 2. g3 Bg7 3. Bg2 c5 4. d3 Nc6 5. e4 d6 6. O-O Bd7 7. h3 Qc8 8. Kh2 h5
9. Nc3 Nf6 10. Be3 a6 11. Qd2 Nd4 12. Nh4 Qc7 13. Rfe1 O-O-O 14. f4 Bh6 15. e5
Bc6 16. exf6 Bxg2 17. Qxg2 1-0

[Event "NATO Chess Championship 2010"]
[Site "Koege"]
[Date "2010.10.21"]
[Round "6.32"]
[White "Geerts, Luc"]
[Black "Kuzminaite, Ieva"]
[Result "1/2-1/2"]
[WhiteElo "1514"]
[BlackElo "2016"]
[PlyCount "63"]
[EventDate "2010.??.??"]

1. d4 d5 2. Nf3 Nf6 3. c4 e6 4. Nc3 c6 5. Bg5 Nbd7 6. cxd5 exd5 7. e3 Qa5 8.
Bd3 Ne4 9. Qc2 Ndf6 10. Bxf6 Nxf6 11. O-O Bd6 12. Bf5 O-O 13. a3 Qc7 14. Rac1
Bxf5 15. Qxf5 Qd7 16. Qxd7 Nxd7 17. b4 Rfe8 18. Na4 Nb6 19. Nc5 Bxc5 20. bxc5
Nc4 21. Rc3 b5 22. g3 f6 23. Rb1 a5 24. Kf1 Kf7 25. Ke2 Re7 26. Nd2 Nxd2 27.
Kxd2 f5 28. Rcb3 Rb8 29. Kd3 Ke6 30. h4 g6 31. Rh1 Kf6 32. Ke2 1/2-1/2

[Event "NATO Chess Championship 2010"]
[Site "Koege"]
[Date "2010.10.21"]
[Round "6.33"]
[White "Kruit, Erik"]
[Black "Voroblievas, Art ras"]
[Result "1-0"]
[WhiteElo "1887"]
[BlackElo "1859"]
[PlyCount "59"]
[EventDate "2010.??.??"]

1. e4 e5 2. f4 d5 3. exd5 e4 4. Nc3 Nf6 5. d3 Bb4 6. Bd2 e3 7. Bxe3 Nxd5 8. Bd2
Bxc3 9. bxc3 O-O 10. Nf3 Qf6 11. d4 Re8+ 12. Kf2 Nxf4 13. Bc4 Bg4 14. Re1 Nc6
15. Rb1 Rxe1 16. Bxe1 b6 17. Bd2 Na5 18. Bd3 Nxd3+ 19. cxd3 Re8 20. d5 Bxf3 21.
Qxf3 Qd6 22. Bf4 Qc5+ 23. d4 Qa3 24. Rf1 Qxa2+ 25. Kg1 Qc4 26. Bh6 Re7 27. Bxg7
Qe2 28. Qf6 Qe3+ 29. Kh1 Rd7 30. Bh6 1-0

[Event "NATO Chess Championship 2010"]
[Site "Koege"]
[Date "2010.10.21"]
[Round "6.34"]
[White "Morrison, Munroe"]
[Black "Narman, Gökhan"]
[Result "0-1"]
[WhiteElo "1861"]
[BlackElo "2065"]
[PlyCount "48"]
[EventDate "2010.??.??"]
[WhiteTeam "UK"]
[BlackTeam "TUR"]

1. e4 e6 2. b3 d5 3. Bb2 dxe4 4. Nc3 Nf6 5. Qe2 Bd7 6. Nxe4 Be7 7. f3 Bc6 8.
Nh3 Nbd7 9. O-O-O a5 10. g4 a4 11. g5 Nxe4 12. fxe4 O-O 13. b4 Bxb4 14. Bxg7
Kxg7 15. d4 Qe7 16. Qg4 Bc3 17. Rd3 Qb4 18. Rxc3 Qxc3 19. Qh4 Qe3+ 20. Kb1 Bxe4
21. Rg1 Bg6 22. Rg4 a3 23. Nf4 Qd2 24. Ne2 Qxc2+ 0-1

[Event "NATO Chess Championship 2010"]
[Site "Koege"]
[Date "2010.10.21"]
[Round "6.35"]
[White "Bellemare, Regis"]
[Black "Bublys, Vaidotas"]
[Result "1-0"]
[WhiteElo "1637"]
[BlackElo "1930"]
[PlyCount "70"]
[EventDate "2010.??.??"]
[WhiteTeam "CAN"]
[BlackTeam "LTU"]

1. e4 e5 2. Nf3 Nc6 3. Bb5 a6 4. Bxc6 dxc6 5. d4 exd4 6. Qxd4 Qxd4 7. Nxd4 Nf6
8. Nc3 Bb4 9. O-O Bxc3 10. bxc3 c5 11. Nb3 O-O 12. f3 b6 13. Bf4 Ne8 14. Rfe1
Be6 15. Rad1 Rc8 16. Re2 c6 17. a4 Bc4 18. Red2 Nc7 19. Rd7 Ne6 20. Bg3 Rcd8
21. Rxd8 Nxd8 22. Bc7 Ne6 23. Bxb6 Nf4 24. Nc1 f6 25. Bxc5 Ne6 26. Ba3 Rd8 27.
Rxd8+ Nxd8 28. Kf2 Kf7 29. Nd3 Ne6 30. Ke3 Nd8 31. Kd4 Ba2 32. Nb4 Bb1 33. Nxa6
Bxc2 34. Nc5 Bxa4 35. Nxa4 Ne6+ 1-0

[Event "NATO Chess Championship 2010"]
[Site "Koege"]
[Date "2010.10.21"]
[Round "6.36"]
[White "Stone, Stephen"]
[Black "Kaygisiz, Ozgur Can"]
[Result "0-1"]
[WhiteElo "1600"]
[BlackElo "1892"]
[PlyCount "114"]
[EventDate "2010.??.??"]
[WhiteTeam "CAN"]
[BlackTeam "TUR"]

1. c4 e5 2. Nc3 Nf6 3. g3 d5 4. cxd5 Nxd5 5. Bg2 Be6 6. Nf3 Nc6 7. O-O Qd7 8.
Ng5 O-O-O 9. Nxe6 fxe6 10. d3 Be7 11. Ne4 h6 12. a3 g5 13. b4 Rdg8 14. Bb2 a6
15. e3 h5 16. Rb1 g4 17. Ba1 h4 18. Qb3 hxg3 19. hxg3 Rh5 20. b5 axb5 21. Qxb5
Nb6 22. a4 Rgh8 23. a5 Nxa5 24. Qxa5 Bb4 25. Qxb4 Rh1+ 26. Bxh1 Qh7 27. Qf8+
Rxf8 28. f3 Rh8 29. Kf2 Qh2+ 30. Ke1 Qxh1 31. Rxb6 cxb6 32. Bxe5 Qh6 33. Bxh8
Qxe3+ 34. Kd1 gxf3 35. Kc2 Kd7 36. Kc3 e5 37. Bxe5 Qe2 38. Rf2 Qd1 39. Bf4 b5
40. Kd4 Kc6 41. Ke3 b4 42. Rxf3 b3 43. Be5 Qc1+ 44. Kd4 b2 45. Rf6+ Kd7 46. Nc3
b5 47. Bd6 Qxc3+ 48. Kxc3 b1=Q 49. d4 Qc1+ 50. Kb4 Qc4+ 51. Ka5 Qa4+ 52. Kb6
Qxd4+ 53. Kxb5 Qxf6 54. Bf4 Qd4 55. Ka6 Kc6 56. Ka5 Kc5 57. Bc1 Qb4+ 0-1

[Event "NATO Chess Championship 2010"]
[Site "Koege"]
[Date "2010.10.21"]
[Round "6.37"]
[White "Galloway, James"]
[Black "Murray, Brian"]
[Result "1-0"]
[WhiteElo "1624"]
[BlackElo "1466"]
[PlyCount "91"]
[EventDate "2010.??.??"]
[WhiteTeam "NATO"]
[BlackTeam "CAN"]

1. d4 d6 2. Nf3 Nf6 3. Bg5 Nbd7 4. Nc3 c6 5. e3 Qc7 6. Be2 e5 7. O-O Be7 8. e4
b5 9. a3 a5 10. b4 O-O 11. Re1 Bb7 12. d5 axb4 13. axb4 Rxa1 14. Qxa1 Ra8 15.
Qb2 Nb6 16. dxc6 Bxc6 17. Nxb5 Qb8 18. Bxf6 Bxf6 19. Nc3 d5 20. exd5 Nxd5 21.
Nxd5 Bxd5 22. c3 Ra2 23. Qb1 e4 24. c4 Rb2 25. Qd1 exf3 26. Bxf3 Bxc4 27. Bc6
Be5 28. Rxe5 Be6 29. Ra5 Bg4 30. f3 Bxf3 31. Bxf3 Qb6+ 32. Kh1 g6 33. Ra8+ Kg7
34. Qa1 Qxb4 35. Ra2 Kh6 36. Rxb2 Qc3 37. Ra2 Qc5 38. Ra4 Qe7 39. g3 f6 40.
Qc1+ g5 41. h4 Qe5 42. hxg5+ fxg5 43. Qc6+ Kg7 44. Ra7+ Kf8 45. Qh6+ Ke8 46.
Bh5+ 1-0

[Event "NATO Chess Championship 2010"]
[Site "Koege"]
[Date "2010.10.21"]
[Round "6.40"]
[White "Vercauteren, Daniel"]
[Black "Chwieseni, Ed"]
[Result "0-1"]
[WhiteElo "1689"]
[BlackElo "1800"]
[PlyCount "68"]
[EventDate "2010.??.??"]

1. Nc3 Nf6 2. e4 e5 3. Nf3 Nc6 4. Bc4 h6 5. O-O Bc5 6. a3 d6 7. d3 a6 8. h3 Nd4
9. Be3 O-O 10. Bxd4 exd4 11. Ne2 d5 12. exd5 Nxd5 13. Nexd4 Nf4 14. Ne2 Nxe2+
15. Qxe2 Re8 16. Qd1 Qf6 17. c3 Qg6 18. Kh1 Kf8 19. Re1 Bxh3 20. gxh3 Bxf2 21.
Rxe8+ Rxe8 22. Qf1 Qg3 23. Qg2 Re2 24. Qxg3 Bxg3 25. Rg1 Bf2 26. Rg2 Rxb2 27.
Kh2 b5 28. Bd5 c5 29. Ne5 b4 30. axb4 cxb4 31. Ng4 bxc3 32. Bb3 Rxb3 33. Rxf2
Rb2 34. d4 c2 0-1